[Event "RUS-chT 06th"]
[Site "St Petersburg"]
[Date "1999.05.22"]
[Round "7"]
[White "Malaniuk, Vladimir P"]
[Black "Kostin, Alexey"]
[Result "1-0"]
[WhiteElo "2552"]
[BlackElo "2393"]
[Annotator "Wells,P"]
[PlyCount "83"]
[EventDate "1999.05.16"]
[EventType "team-tourn"]
[EventRounds "9"]
[EventCountry "RUS"]
[SourceTitle "EXT 2020"]
[Source "ChessBase"]
[SourceDate "2019.10.17"]
[SourceVersion "1"]
[SourceVersionDate "2019.10.17"]
[SourceQuality "1"]
[WhiteTeam "Belorechensk Khimik"]
[BlackTeam "Voronezh OShK"]
[WhiteTeamCountry "RUS"]
[BlackTeamCountry "RUS"]

1. d4 Nf6 2. Nf3 e6 3. e3 b6 4. c4 Bb7 5. Nc3 $5 {The main move here is 5 Bd3.
The text is an interesting route into the main line of the 4...b6 5 Bd3
Rubinstein which offers reasonable prospects of catching the right opponent
out of his theoretical territory.} Bb4 6. Bd3 Ne4 7. O-O f5 ({The other
principal choice is} 7... Bxc3 8. bxc3 O-O 9. Ne1 $1 f5 10. f3 Nf6 {when I
believe that} 11. Nc2 {is the most promising and offers white a slight edge.
Black's move order effectively deprives white of this Ne1 idea ( since 8 Ne1
could be effectively answered by 8...Nxc3! netting a pawn ) but offers white
alternatives based either on exploiting aspects inherent in the move ...f5 (
the diagonal h5-e8; the possibility of capturing on e4 ) or on simply
side-stepping the possibility of capture on c3 by moving the knight as in the
game.}) 8. Ne2 $5 (8. Ne1 Nxc3 $15) (8. Qc2 Bxc3 9. bxc3 O-O {would be in my
view a success for black, who has forced white into a less critical line than
those involving Ne1 ( see Kosarev - Dragomarezkij, Geller Memorial Moscow 1999,
1/2-1/2 (34) CBM 70 (Wells).}) (8. Ne5 $5 O-O (8... Nf6 9. Ne2 (9. d5 $6 Bxc3
10. bxc3 O-O $15 {[%csl Re5][%cal Yf3d4] white misses this knight coming to d4.
})) 9. Nxe4 $1 fxe4 10. Be2 $5 (10. Bc2 Qg5 11. f4 exf3 12. Nxf3 Bxf3 13. Rxf3
Rxf3 14. Qxf3 Nc6 {looks superficially better for white to me, but I cannot
find anything very convincing, and neither could Lukacs.} 15. Qh3 g6 16. Be4
Re8 17. a3 Bf8 18. b4 {1/2-1/2 Lukacs,P-Grosar,A/Budapest FS04 GM 1994/EXP 42 
(18)}) 10... Be7 11. f4 exf3 12. Bxf3 Bxf3 13. Nxf3 d5 {Weakening e5, and in
some cases c6, but it is difficult to see how else black can develop since} (
13... Nc6 {is met with} 14. d5 {It is interesting if white finds it easier to
build the initiative here with a knight than a light-squared bishop.}) 14. Qe2
dxc4 $5 15. e4 (15. Qxc4 Qd5 $5 16. Qxc7 (16. Qd3 c5) 16... Nc6 17. Qg3 Bf6 $44
) 15... b5 16. a4 Nc6 (16... c6 $5 17. Be3 (17. b3 cxb3 18. axb5 Qb6 $15) 17...
Nd7 18. b3 cxb3 19. axb5 $44) 17. axb5 Nxd4 18. Qxc4 Nxf3+ 19. gxf3 $14 {
1-0 Lugovoi,A-Akesson,R/4th Gudmundur Arason, Hafnarfjordur ISL 1998 (34).}) (
8. Bxe4 $6 fxe4 9. Nd2 Bxc3 10. bxc3 O-O 11. Qg4 (11. Ba3 $5 Rf5 12. f3 exf3
13. Nxf3 d6 14. Qe2 Bxf3 15. Rxf3 Rxf3 16. Qxf3 Nd7 17. Qe4 (17. Rf1 $5 Nf6 18.
Qc6 {Wells}) 17... Qe8 18. Qc6 Rc8 $11 19. c5 bxc5 20. dxc5 Nxc5 21. Qxe8+ Rxe8
22. Bxc5 dxc5 23. Rb1 Rd8 24. Rb5 Rd1+ 25. Kf2 Rd2+ {1/2-1/2 Tullus,
K-Callaghan,R/corr NAICCC I 1971 (25)}) 11... Rf5 $1 12. d5 Rg5 13. Qf4 exd5
14. cxd5 Bxd5 15. c4 Bc6 16. Nxe4 Rg6 17. Bb2 Na6 {[%csl Yc6,Yg6][%cal Ga6b4,
Ga6c5]} 18. f3 Nb4 $132 19. Bc3 Nd3 20. Qf5 Qh4 21. Nf6+ gxf6 22. Qxd3 Rh6 23.
h3 Kf7 24. Rf2 Rg8 25. Kf1 Rxg2 26. Rxg2 Qxh3 27. e4 Rg6 {0-1 Gligoric,
S-Larsen,B/La Habana 1967/Inf 04/(27)}) (8. d5 $5 {The most critical move
which puts all the respective weaknesses into sharp focus} Bxc3 (8... Nxc3 9.
bxc3 Bxc3 10. Rb1 O-O 11. e4 Bf6 {looks risky, but} 12. Re1 Na6 13. exf5 exd5
14. cxd5 Nc5 15. Bc2 Re8 16. Re3 Rxe3 17. Bxe3 $14 Qe7 18. Bxc5 Qxc5 19. Bb3
Kh8 20. Qd3 Re8 {this looks playable for black, but white soon gains
considerable space} 21. g4 $1 b5 22. g5 Qc3 $6 23. Qd1 Bd8 24. Rc1 Qb4 25. Qd4
Qd6 26. Rd1 a5 27. Bc2 Qa3 28. Ne5 Qe7 29. f4 d6 30. Nc6 Qe2 31. Qd3 Bxc6 32.
Qxe2 Rxe2 33. dxc6 Kg8 (33... Rxc2 34. Re1) 34. Rb1 Kf8 35. Rxb5 Ke8 36. f6
gxf6 {1-0 Atalik,S-Grosar,A/Bled 1999 (36)}) 9. bxc3 {[%csl Rc4][%cal Gb8a6,
Ga6c5,Yf3d4,Yf2f3]} Nc5 10. Ba3 Nba6 11. Re1 Qf6 12. Qc2 g6 13. e4 fxe4 14.
Bxe4 O-O-O 15. Nd2 Rde8 16. Rad1 {1/2-1/2 Sadler,M-Ward,C/Hastings 1997/CBM 63/
[Wells] (39)} Rhf8 $5 17. Bf3 d6 $13) 8... O-O (8... Bd6 {I am not very
convinced by this move. I think the bishop belongs more often on f6.} 9. b3 Qe7
(9... Qf6 10. Bb2 Nc6 11. Ng3 Bxg3 12. fxg3 Ne7 13. Qc2 Qh6 14. Rae1 O-O 15.
Bc1 d6 16. Nd2 Qg6 17. Rf4 $1 {White encourages black to put a pawn on e5,
which will subsequently form a target for his black-squared bishop.} e5 18.
Rff1 c5 19. dxe5 dxe5 20. Bb2 {[%csl Re5]} Nxd2 21. Qxd2 Rad8 22. Qc3 Nc6 23.
Be2 $1 {[%csl Rg7][%cal Ye2f3,Ge5e4,Yb2g7,Yf3d5]} f4 24. exf4 Nd4 25. Bd3 e4
26. Bb1 Rfe8 27. f5 Qg5 28. Qe3 Qh5 29. f6 $40 {1-0 Neverov,V-Ward,C/
Copenhagen op 1994/EXT 94op (34)}) 10. Qc2 Na6 11. a3 c5 12. Bb2 O-O 13. Ne5
Rad8 14. f3 Nf6 15. Ng3 Bc7 16. d5 g6 17. f4 Bxe5 18. fxe5 Ng4 19. Rfe1 Qg5 20.
h3 Nxe5 21. Nxf5 exf5 22. Bxe5 Rde8 23. Bb2 d6 24. Qc3 Re5 25. Rf1 Rfe8 26. e4
fxe4 27. Bxe4 Qe7 28. Qf3 {1-0 Tisdall,J-Keene,R/New York 1981/MCD (28)}) (8...
Be7 {seems the most solid move eg.} 9. b3 O-O 10. Bb2 Bf6 11. Nd2 (11. Qc2 c5
12. Rad1 Qe7 13. Ng3 Nxg3 14. hxg3 Nc6 15. Qe2 g6 16. Bb1 d6 17. e4 Rad8 18. d5
Nb8 19. exf5 exf5 20. Qxe7 Bxe7 21. Rfe1 Kf7 22. Re2 Rfe8 23. Rde1 Nd7 24. Bc1
Bf6 25. Bf4 Rxe2 26. Rxe2 Be7 $11 {(2.25/1.54). 0-1 Lautier,J-Adams,M/Wijk aan
Zee 1991/CBM 22 (41)}) 11... Nd6 12. Qc2 c5 13. e4 fxe4 14. Nxe4 Nxe4 15. Bxe4
Bxe4 16. Qxe4 Nc6 17. Rad1 Qc7 18. Rd2 cxd4 19. Nxd4 Bxd4 20. Bxd4 Rf4 21. Qe3
Nxd4 22. Rxd4 Rxd4 23. Qxd4 Rf8 24. Rd1 Rf7 $11 {1/2-1/2 Ibragimov,
I-Hjartarson,J/Las Vegas 1997/EXP 58/[Wells] (24)}) 9. Ne1 {This is rather
commital here. There are two alternatives, the first of which looks the most
sober.} (9. b3 $5 Bd6 (9... Ng5 $2 10. Nxg5 Qxg5 11. e4 $16 Qh5 12. exf5 exf5
13. Bb2 Bd6 14. f4 Qg4 15. Ng3 $1 Bxf4 16. Bxf5 Qg5 17. Qd3 h5 $2 18. Bc1 {
1-0 Bisguier,A-Finegold,B/Chicago 1985 (18)}) (9... Be7 $1) 10. Bb2 Ng5 11. Nd2
Bb4 12. a3 Bxd2 13. Qxd2 Be4 14. Ng3 Nc6 15. f4 $1 {Black's knights are
relentlessly driven back.} Na5 16. Bc2 Bxc2 17. Qxc2 Nf7 18. d5 Nd6 19. c5 Ne8
20. b4 Nb7 21. dxe6 dxe6 {[%cal Yb2g7]} 22. e4 $16 {[%csl Rb7][%cal Gb2g7]}
bxc5 23. Qb3 fxe4 24. Qxe6+ Rf7 25. Nxe4 Qe7 26. Qc6 Ned6 27. Ng5 Qe3+ 28. Kh1
Rxf4 29. Rxf4 Qxf4 30. Qd5+ Kh8 31. Bxg7+ {1-0 Lengyel,L-Csom,I/Budapest 1965/
MCD/[Wells] (31)}) (9. Ng3 {This does not look best, since black's blockade on
e4 is put under no real pressure.} Bd6 10. Qc2 Bxg3 $1 11. hxg3 Qe8 12. Nd2 Qg6
13. b4 a5 14. b5 d6 15. c5 $5 dxc5 16. dxc5 Nxc5 17. Ba3 Nbd7 18. Be2 Rfc8 19.
Nc4 Ne4 20. Rfd1 Bd5 {1/2-1/2 Yusupov,A-Kengis,E/Riga Tal 1995/CBM 47 (35)
White has some compensation, but it does not look enough.}) 9... Qh4 (9... Bd6
$5 {This idea is perhaps more justified now that white is commited to a plan
based on expansion with f3 and e4, rather than the quiet fianchetto which we
saw above.} 10. f3 Nf6 11. Nc3 c5 12. d5 Be5 $132 13. e4 $2 fxe4 14. fxe4 Bd4+
15. Kh1 Bxc3 16. bxc3 Nxe4 $17 {0-1 Semkov,S-Franco,Z/Berga op 1993/EXT 93op 
(58)}) 10. f3 Bxe1 $2 {[%mdl 16384] This would have to be regarded as rather
co-operative. After the exchanges on e1 white reaches a very pleasant
'queenless middlegame' where black has none of the normal compensation either
structural or in terms of activity for the bishop pair.} ({There is no
particular reason to reject} 10... Nf6 {either. In the only practical test,
white tried a forcing line which leads to a version of the endgame we reach in
our game here, except that white's commital} 11. c5 {obviously greatly eases
the task of creating counterchances.} Bxe1 12. Qxe1 Qxe1 13. Rxe1 Ba6 14. cxb6
axb6 15. Nf4 c5 16. dxc5 bxc5 17. Bd2 e5 18. Bxa6 Rxa6 19. Ne2 Nc6 20. Ng3 g6
21. Rec1 d6 {0-1 Volke,K-Wahls,M/Biel 1993/TD (55) and despite white's passed
a-pawn, it is clearly an overwhelmingly different story.}) 11. Qxe1 Qxe1 12.
Rxe1 Nf6 13. b4 $1 {Clearly the right plan to gain space that will compliment
the bishop pair. White should stay solid in the centre. It is impossible to
cover e4 without weakening d4.} Nc6 14. a3 Rae8 15. Bb2 Ne7 16. Nc3 Ng6 {
Black's removal of his knight to the king-side does not really help, since it
leaves his queen-side pawns more vulnerable to attack. It is probably a
symptom of a desparation to make some play, but when the break ...e5 comes, it
also creates more weaknesses.} 17. a4 $1 {[%cal Ya4a5,Yc3b5]} (17. Nb5 a6 18.
Nxc7 $4 Rc8 $17 {[%csl Rc7]}) 17... a6 18. a5 {This guarantees the creation of
serious weaknesses on black's queenside. Indeed, if black permits the exchange
on b6, then this pawn would shortly fall.} bxa5 19. Rxa5 {[%csl Ra6,Rc5,Rc7]}
e5 20. dxe5 Nxe5 21. Bf1 Nc6 22. Ra4 d6 23. Kf2 $16 Nd7 $6 {Again this is not
really the 'sit and wait' strategy which black has to try, depressing though
it is.} 24. Nd5 Nb6 25. Nxb6 cxb6 26. Rd1 {[%csl Rb6,Rd6]} Rd8 27. b5 Nb8 28.
Bd4 axb5 29. Ra7 $1 Rd7 30. cxb5 {[%csl Rb6,Rb8]} Rc8 31. Bxb6 Rc2+ 32. Kg3 g5
33. Ra2 $1 {Again white puts priority on snuffing out the slightest hint of
potential counterplay.} f4+ (33... Rxa2 34. Bc4+ $18) 34. exf4 gxf4+ 35. Kh4
Rc3 36. Ra4 d5 37. Rxf4 Rd6 38. Bd4 Rh6+ 39. Kg3 Rg6+ 40. Rg4 Rxg4+ 41. Kxg4
Rb3 42. Kf5 1-0